| 000 | 00810cac a22002175a 4500 | ||
|---|---|---|---|
| 001 | L140670 | ||
| 008 | 071004i19021910xxk eng u | ||
| 035 | _a(Sirsi) u140670 | ||
| 041 | 0 | _aeng | |
| 110 | 2 |
_aSurveyors' Institution _93783 |
|
| 245 | 0 | 1 |
_a[Collection of diploma certificates relating to Percy Crabtree's election to Professional Associate and Fellow of the Surveyors' Institution] _h[manuscript] |
| 260 | _c1902, 1910 | ||
| 300 |
_a2 sheets _c21 x 21 cm. |
||
| 351 | _cFonds | ||
| 500 | _aDiploma certificates date from 28 October 1902 (Professional Associate) and 24 January 1910 (Fellow). | ||
| 500 | _aCertificates are mounted, however one of the mounts has been partially removed. | ||
| 600 | 1 | 4 | _aCrabtree, Percy |
| 651 | 4 |
_aUnited Kingdom _y |
|
| 690 | _aABOUT RICS | ||
| 942 | _n0 | ||
| 999 |
_c116415 _d116415 |
||